000 00949cam a2200181ua 4500
020 _a81 901470 0 5
041 _aeng
_h
082 _a631.4
_bFOT/FU
100 _aFoth, Henry D .
110 1 _aIndian societty of soil science .
_b
_c(Newdelhi )
245 _aFundamentals of soil science /
_cD Henry Foth.
_hTextual Documents
250 _a1 /
_b.
260 _a :
_bJohn Wiley & Sons ,
_c2002.
300 _a435 ; .
504 _a
942 _cBK
999 _c3197
_d3197